Library Logo

Pioneer International University Library Catalogue

TOMORROW'S TEACHES (Record no. 3260)

MARC details
000 -LEADER
fixed length control field 00254nam a22000977a 4500
005 - DATE AND TIME OF LATEST TRANSACTION
control field 20250901165407.0
008 - FIXED-LENGTH DATA ELEMENTS--GENERAL INFORMATION
fixed length control field 210322b ||||| |||| 00| 0 eng d
050 ## - LIBRARY OF CONGRESS CALL NUMBER
Classification number LB2165 .I55 1986
245 ## - TITLE STATEMENT
Title TOMORROW'S TEACHES
Remainder of title A REPORT OF THE HOLMES GROUP
942 ## - ADDED ENTRY ELEMENTS (KOHA)
Source of classification or shelving scheme Library of Congress Classification
Holdings
Withdrawn status Lost status Source of classification or shelving scheme Damaged status Not for loan Home library Current library Shelving location Date acquired Total checkouts Barcode Date last seen Price effective from Koha item type
    Library of Congress Classification     Main Library Main Library   03/22/2021   PIU0008581 03/22/2021 03/22/2021 Books